| 000 | 00530nam a2200205Ia 4500 | ||
|---|---|---|---|
| 003 | OSt | ||
| 005 | 20250424183229.0 | ||
| 008 | 210423s1979 xx 000 0 und d | ||
| 020 | _a8121910218 | ||
| 040 | _cAL | ||
| 041 | _aeng | ||
| 082 | _a368 MISI | ||
| 100 |
_aMISHRA (M N);MISHRA (S B). _943300 |
||
| 245 | _aInsurance: principles and practice. | ||
| 260 |
_aNew Delhi _bS Chand & Company Ltd _c1979 |
||
| 300 |
_av,661 _bPB |
||
| 365 |
_b250 _cINR |
||
| 906 | _aInsurance: ; practice. ; principles | ||
| 942 |
_2ddc _cBK |
||
| 999 |
_c157568 _d157568 |
||